=LDR 00000nam 2200000 4500 =001 INLIS000000000002525 =005 20130612090845 =008 ***********************************Ind** =035 ##$$0010-061300000002525 =041 ##$$a Ind =082 ##$$a 616.12 =090 ##$$a 616.12, Bar m =100 ##$$a Baras, Faisal =245 ##$$a Mencegah serangan jantung dengan menekan kolesterol, Faisal Baraas =260 ##$$a 1994 $b Jakarta =300 ##$$a xv,186 hlm, 21 cm =650 ##$$a Jantung =650 ##$$a Penyakit =850 ##$$a NBPNMAT =990 ##$$a 20608491